[Event "Liga Madrileña - DH 2014-2015"]
[Site "Madrid ESP"]
[Date "2014.12.21"]
[Round "4.32"]
[White "Suarez Uriel, Adrian"]
[Black "Gonzalez Rivera, Eduardo"]
[Result "1/2-1/2"]
[WhiteElo "2092"]
[BlackElo "2283"]
[PlyCount "131"]
[EventDate "2014.11.23"]
[EventType "team-tourn"]
[EventRounds "14"]
[EventCountry "ESP"]
[Source "lmi"]
[SourceDate "2014.11.23"]
[WhiteTeam "La Casa del Ajedrez"]
[BlackTeam "Moratalaz"]
[WhiteTeamCountry "ESP"]
[BlackTeamCountry "ESP"]

1. e4 e5 2. Nf3 Nc6 3. Bb5 a6 4. Ba4 Nf6 5. d3 d6 6. O-O Be7 7. c3 O-O 8. Nbd2
b5 9. Bc2 d5 10. exd5 Nxd5 11. Re1 Bb7 12. Ne4 Nf6 13. Ng3 Bd6 14. Nf5 Bc8 15.
Nxd6 Qxd6 16. Nxe5 Nxe5 17. Bf4 Nfg4 18. d4 Qf6 19. Bxe5 Qxf2+ 20. Kh1 Ne3 21.
Qe2 Qxe2 22. Rxe2 Nxc2 23. Rxc2 c6 24. Re1 Be6 25. b3 a5 26. c4 a4 27. Rd1 axb3
28. axb3 Rfd8 29. h4 f6 30. Bf4 bxc4 31. bxc4 Ra4 32. Bc7 Rd7 33. Bb6 Bxc4 34.
Re1 Kf7 35. Bc5 Bd5 36. Rce2 Kg6 37. Kh2 Rb7 38. Re3 Rb3 39. Rxb3 Bxb3 40. Re3
Bd5 41. Rg3+ Kf7 42. Re3 Ra2 43. Rg3 g6 44. Kg1 f5 45. Bd6 Ke6 46. Bf4 Be4 47.
Be3 Kd5 48. Bf2 Ra1+ 49. Kh2 Rf1 50. Bg1 f4 51. Rc3 Ke6 52. Rc5 Bd5 53. Ra5 Rd1
54. Bf2 Kf5 55. Ra7 h6 56. Re7 Kg4 57. Re1 Rd2 58. Kg1 g5 59. hxg5 hxg5 60. Re5
Rc2 61. Kf1 Kh5 62. Re1 g4 63. g3 fxg3 64. Bxg3 Rd2 65. Bf2 Kg6 66. Re5 1/2-1/2

[Event "Liga Madrileña - DH 2014-2015"]
[Site "Madrid ESP"]
[Date "2014.12.21"]
[Round "4.33"]
[White "Cortes Jurado, Rafael"]
[Black "Madina Yadarola, Martin"]
[Result "0-1"]
[WhiteElo "2058"]
[BlackElo "2281"]
[PlyCount "68"]
[EventDate "2014.11.23"]
[EventType "team-tourn"]
[EventRounds "14"]
[EventCountry "ESP"]
[Source "lmi"]
[SourceDate "2014.11.23"]
[WhiteTeam "Moratalaz"]
[BlackTeam "La Casa del Ajedrez"]
[WhiteTeamCountry "ESP"]
[BlackTeamCountry "ESP"]

1. e4 d6 2. d4 Nf6 3. Nc3 c6 4. Be3 Nbd7 5. a3 e5 6. Bc4 Be7 7. h3 O-O 8. Nge2
exd4 9. Nxd4 d5 10. exd5 Nb6 11. Bd3 Nbxd5 12. Nxd5 Nxd5 13. Bd2 Bf6 14. c3 Qb6
15. O-O Bxd4 16. cxd4 Qxb2 17. Rb1 Qxa3 18. Qc2 g6 19. Rfe1 Qd6 20. Re5 b6 21.
Rbe1 Bd7 22. h4 Rfe8 23. h5 Rxe5 24. dxe5 Qe6 25. Bc4 Qf5 26. Qb3 Be6 27. hxg6
hxg6 28. Bd3 Qh5 29. Qc2 c5 30. g3 Nb4 31. Bxb4 cxb4 32. Re4 b3 33. Qd2 Rd8 34.
Rh4 Qxe5 0-1

[Event "Liga Madrileña - DH 2014-2015"]
[Site "Madrid ESP"]
[Date "2014.12.21"]
[Round "4.34"]
[White "Collado Barbas, Laura"]
[Black "Garcia Ruido, Ricardo"]
[Result "1-0"]
[WhiteElo "2132"]
[BlackElo "2053"]
[PlyCount "83"]
[EventDate "2014.11.23"]
[EventType "team-tourn"]
[EventRounds "14"]
[EventCountry "ESP"]
[Source "lmi"]
[SourceDate "2014.11.23"]
[WhiteTeam "La Casa del Ajedrez"]
[BlackTeam "Moratalaz"]
[WhiteTeamCountry "ESP"]
[BlackTeamCountry "ESP"]

1. d4 d5 2. c4 e6 3. Nc3 c5 4. cxd5 exd5 5. Nf3 Nc6 6. e3 Nf6 7. Bb5 Bd6 8.
dxc5 Bxc5 9. Nd4 Bd7 10. Nb3 Bb4 11. Bd2 a6 12. Be2 O-O 13. a3 Bd6 14. O-O Qc7
15. f4 Rad8 16. Kh1 Bf5 17. Be1 Be4 18. Bf3 Rfe8 19. Bh4 Be7 20. Rc1 h6 21.
Bxe4 dxe4 22. Qe2 Qb6 23. Na1 Nh7 24. Be1 Bf8 25. b4 Rd3 26. Bf2 f5 27. Qa2+
Kh8 28. Qf7 Nf6 29. Nb3 Nd8 30. Qg6 Qe6 31. Nd4 Rxd4 32. exd4 Ng4 33. Qxe6 Nxe6
34. Nd5 Rd8 35. Ne3 Nxf2+ 36. Rxf2 Nxd4 37. Rd2 g6 38. Rcd1 Bg7 39. Nc2 e3 40.
Rxd4 Bxd4 41. Rxd4 Re8 42. Kg1 1-0

[Event "Liga Madrileña - DH 2014-2015"]
[Site "Madrid ESP"]
[Date "2014.12.21"]
[Round "4.35"]
[White "Cobo Diego, Fidel"]
[Black "Unciti Juan, Javier"]
[Result "1-0"]
[WhiteElo "2035"]
[BlackElo "2110"]
[PlyCount "99"]
[EventDate "2014.11.23"]
[EventType "team-tourn"]
[EventRounds "14"]
[EventCountry "ESP"]
[Source "lmi"]
[SourceDate "2014.11.23"]
[WhiteTeam "Moratalaz"]
[BlackTeam "La Casa del Ajedrez"]
[WhiteTeamCountry "ESP"]
[BlackTeamCountry "ESP"]

1. e4 e6 2. d4 d5 3. Nc3 Bb4 4. e5 Ne7 5. a3 Bxc3+ 6. bxc3 c5 7. a4 Nbc6 8. Nf3
Qa5 9. Bd2 Qc7 10. Bb5 Bd7 11. O-O Na5 12. Bxd7+ Kxd7 13. Bc1 Nc4 14. Nd2 Nxd2
15. Qxd2 cxd4 16. cxd4 Rac8 17. Ba3 Qc3 18. Qf4 Nf5 19. Rfd1 Rc4 20. Bc5 b6 21.
g4 Nh6 22. Bd6 Qh3 23. Ra3 Qxg4+ 24. Qxg4 Nxg4 25. Rg3 h5 26. a5 Rxc2 27. axb6
axb6 28. Ra1 Rhc8 29. Ra7+ Ke8 30. h3 Nxf2 31. Re7+ Kf8 32. Rc7+ Kg8 33. Rxc8+
Rxc8 34. Kxf2 Rc2+ 35. Ke3 Rb2 36. Kf4 b5 37. Rd3 Kh7 38. Kg5 b4 39. Kxh5 b3
40. Rf3 Kg8 41. Rc3 Rb1 42. Rc8+ Kh7 43. Rb8 b2 44. Ba3 Rd1 45. Bxb2 Rg1 46.
Rf8 g6+ 47. Kh4 Kh6 48. Rh8+ Kg7 49. Rc8 Rg2 50. Bc1 1-0

[Event "Liga Madrileña - DH 2014-2015"]
[Site "Madrid ESP"]
[Date "2014.12.21"]
[Round "4.41"]
[White "Vazquez Igarza, Renier"]
[Black "Moreno Trujillo, Alejandro"]
[Result "0-1"]
[WhiteElo "2597"]
[BlackElo "2522"]
[PlyCount "108"]
[EventDate "2014.11.23"]
[EventType "team-tourn"]
[EventRounds "14"]
[EventCountry "ESP"]
[Source "lmi"]
[SourceDate "2014.11.23"]
[WhiteTeam "Collado Villalba"]
[BlackTeam "64 Villalba"]
[WhiteTeamCountry "ESP"]
[BlackTeamCountry "ESP"]

1. d4 d5 2. Bf4 c5 3. e3 Nf6 4. c3 Nc6 5. Nd2 Bf5 6. Qb3 Qd7 7. Bb5 a6 8. Bxc6
Qxc6 9. Ngf3 c4 10. Qd1 Nd7 11. O-O e6 12. e4 dxe4 13. Nh4 g6 14. Bg5 h6 15.
Nxf5 hxg5 16. Ne3 Bd6 17. g3 O-O-O 18. Ndxc4 Bc7 19. Nd2 f5 20. Qe2 Nf6 21.
Rfe1 Qd7 22. Nef1 e5 23. dxe5 Ng4 24. Nc4 Qh7 25. f3 exf3 26. Qxf3 Nxh2 27. Qh1
Qg8 28. Nxh2 Qxc4 29. Qg2 Qc5+ 30. Kf1 Bxe5 31. Nf3 Bf6 32. Rad1 Kb8 33. Rxd8+
Rxd8 34. Qe2 g4 35. Nd4 Bxd4 36. cxd4 Rxd4 37. Qe5+ Qxe5 38. Rxe5 f4 39. gxf4
Rxf4+ 40. Kg2 Rd4 41. Re2 Rd3 42. Rc2 Ka7 43. Kf2 Kb6 44. Kg2 Kb5 45. Kf2 a5
46. b3 g3+ 47. Kg2 b6 48. Kh3 Kb4 49. Rc4+ Ka3 50. Rc2 Rf3 51. Rd2 Rf2 52. Rd6
g2 53. Kh2 b5 54. Ra6 Kb4 0-1

[Event "Liga Madrileña - DH 2014-2015"]
[Site "Madrid ESP"]
[Date "2014.12.21"]
[Round "4.43"]
[White "Moreno Ruiz, Javier"]
[Black "Cabanas Jimenez, Manuel"]
[Result "1-0"]
[WhiteElo "2470"]
[BlackElo "2127"]
[PlyCount "59"]
[EventDate "2014.11.23"]
[EventType "team-tourn"]
[EventRounds "14"]
[EventCountry "ESP"]
[Source "lmi"]
[SourceDate "2014.11.23"]
[WhiteTeam "Collado Villalba"]
[BlackTeam "64 Villalba"]
[WhiteTeamCountry "ESP"]
[BlackTeamCountry "ESP"]

1. c4 Nf6 2. g3 g6 3. Bg2 d5 4. cxd5 Nxd5 5. Nc3 Nb6 6. d3 Bg7 7. Be3 Na6 8.
Qd2 c6 9. Bh6 Bxh6 10. Qxh6 Qd6 11. Nf3 Be6 12. O-O O-O-O 13. Rfc1 Kb8 14. Ne4
Qc7 15. a3 Bd5 16. Nc3 f6 17. Nxd5 Rxd5 18. Qe3 Rhd8 19. b4 Qd7 20. Qd2 e5 21.
Qb2 Rb5 22. Qa2 Qd5 23. Qc2 Qd7 24. d4 Qf5 25. e4 Qh5 26. dxe5 fxe5 27. Rd1 Rc8
28. Qd3 Na8 29. Rab1 N8c7 30. Qd6 1-0

[Event "Liga Madrileña - DH 2014-2015"]
[Site "Madrid ESP"]
[Date "2014.12.21"]
[Round "4.45"]
[White "Martinez Rodriguez, Pablo"]
[Black "Blanco Samaniego, Alejandro"]
[Result "1-0"]
[WhiteElo "2281"]
[BlackElo "1867"]
[PlyCount "93"]
[EventDate "2014.11.23"]
[EventType "team-tourn"]
[EventRounds "14"]
[EventCountry "ESP"]
[Source "lmi"]
[SourceDate "2014.11.23"]
[WhiteTeam "Collado Villalba"]
[BlackTeam "64 Villalba"]
[WhiteTeamCountry "ESP"]
[BlackTeamCountry "ESP"]

1. g3 g6 2. Bg2 Bg7 3. e4 d6 4. d4 Nf6 5. Ne2 O-O 6. O-O c5 7. c3 Nc6 8. h3 e6
9. Be3 Nd7 10. Na3 a6 11. Qd2 Ne7 12. Rad1 Qc7 13. dxc5 dxc5 14. Qd6 Qxd6 15.
Rxd6 Be5 16. Rd2 b5 17. Rfd1 Ra7 18. c4 b4 19. Nc2 Rc7 20. Ne1 Nc6 21. f4 Bg7
22. e5 Na5 23. b3 Rd8 24. Nd3 Bf8 25. Nf2 Bb7 26. g4 Bxg2 27. Kxg2 Nb7 28. Ng3
Be7 29. Nge4 Bh4 30. g5 Bxf2 31. Bxf2 Kf8 32. Nxc5 Nbxc5 33. Bxc5+ Rxc5 34.
Rxd7 Rxd7 35. Rxd7 Ra5 36. Rd2 Ke7 37. Kf3 Rc5 38. Ke4 Rc8 39. Rd6 Ra8 40. Kd4
h6 41. h4 hxg5 42. hxg5 a5 43. Kc5 Rb8 44. Ra6 Rc8+ 45. Kb6 Rd8 46. Ra7+ Ke8
47. c5 1-0

[Event "Liga Madrileña - DH 2014-2015"]
[Site "Madrid ESP"]
[Date "2014.12.21"]
[Round "4.46"]
[White "Gutierrez Diaz, Pablo"]
[Black "Cao Armillas, Jesus"]
[Result "0-1"]
[WhiteElo "1693"]
[BlackElo "2113"]
[PlyCount "91"]
[EventDate "2014.11.23"]
[EventType "team-tourn"]
[EventRounds "14"]
[EventCountry "ESP"]
[Source "lmi"]
[SourceDate "2014.11.23"]
[WhiteTeam "64 Villalba"]
[BlackTeam "Collado Villalba"]
[WhiteTeamCountry "ESP"]
[BlackTeamCountry "ESP"]

1. e4 c5 2. Nf3 d6 3. c4 g6 4. d4 cxd4 5. Nxd4 Bg7 6. Be3 Nf6 7. f3 O-O 8. Nc3
Nc6 9. Nc2 Be6 10. Qd2 Qa5 11. Nd5 Qxd2+ 12. Bxd2 Rfc8 13. Rc1 Kf8 14. b3 Nd7
15. Kf2 a5 16. Nce3 Bh6 17. Be2 Nd4 18. Bc3 Nxe2 19. Kxe2 Ra6 20. Bd2 Nc5 21.
Rc2 Bg7 22. Bc3 Bxc3 23. Nxc3 f6 24. Rb1 Bd7 25. Rbc1 Kf7 26. h3 Bc6 27. Rd1
Rd8 28. Kf2 Raa8 29. Rcd2 Na6 30. Ncd5 Rab8 31. Nb6 Nc5 32. g3 Rf8 33. Ned5
Rbd8 34. Nc3 Ke6 35. Nbd5 Kf7 36. g4 e6 37. Nc7 Ke7 38. N7b5 f5 39. exf5 gxf5
40. g5 Rg8 41. h4 h6 42. gxh6 Rh8 43. Nxd6 Rdg8 44. Re1 Kf6 45. Ne2 Rxh6 46.
Nd4 0-1

[Event "Liga Madrileña - DH 2014-2015"]
[Site "Madrid ESP"]
[Date "2015.01.11"]
[Round "5.12"]
[White "Gonzalez Rivera, Eduardo"]
[Black "Nieto de la Cruz, Julio"]
[Result "1-0"]
[WhiteElo "2092"]
[BlackElo "2178"]
[PlyCount "56"]
[EventDate "2014.11.23"]
[EventType "team-tourn"]
[EventRounds "14"]
[EventCountry "ESP"]
[Source "lmi"]
[SourceDate "2014.11.23"]
[WhiteTeam "Moratalaz"]
[BlackTeam "Pueblo Nuevo"]
[WhiteTeamCountry "ESP"]
[BlackTeamCountry "ESP"]

1. e4 c5 2. Nf3 d6 3. d4 Nf6 4. Nc3 cxd4 5. Nxd4 g6 6. Be2 Bg7 7. O-O O-O 8.
Be3 Nc6 9. Qd2 Ng4 10. Bxg4 Bxg4 11. Nxc6 bxc6 12. Bd4 e5 13. Be3 Qc7 14. f4
Rab8 15. f5 gxf5 16. exf5 f6 17. b3 Rfd8 18. Qf2 Qa5 19. Ne4 Rb7 20. Qh4 Be2
21. Rf2 Ba6 22. Nxf6+ Bxf6 23. Qxf6 Rf7 24. Qh4 Kh8 25. Bg5 Rdf8 26. Be7 Qc3
27. Rd1 Re8 28. Bf6+ Kg8 1-0

[Event "Liga Madrileña - DH 2014-2015"]
[Site "Madrid ESP"]
[Date "2015.01.11"]
[Round "5.14"]
[White "Garcia Ruido, Ricardo"]
[Black "Navarro Nicolas, Victor Manuel"]
[Result "1/2-1/2"]
[WhiteElo "2053"]
[BlackElo "2156"]
[PlyCount "76"]
[EventDate "2014.11.23"]
[EventType "team-tourn"]
[EventRounds "14"]
[EventCountry "ESP"]
[Source "lmi"]
[SourceDate "2014.11.23"]
[WhiteTeam "Moratalaz"]
[BlackTeam "Pueblo Nuevo"]
[WhiteTeamCountry "ESP"]
[BlackTeamCountry "ESP"]

1. e4 c6 2. d4 d5 3. Nc3 dxe4 4. Nxe4 Bf5 5. Bd3 e6 6. Nf3 Nf6 7. Nxf6+ Qxf6 8.
Bg5 Qg6 9. Bxf5 Qxf5 10. O-O Nd7 11. c4 Bd6 12. d5 cxd5 13. cxd5 e5 14. Qe2 O-O
15. Rfe1 Rfe8 16. Qe4 Qxe4 17. Rxe4 Rac8 18. Re2 Rc5 19. Rd1 Rec8 20. g3 Rc2
21. Rxc2 Rxc2 22. Rd2 Rxd2 23. Nxd2 Kf8 24. Nc4 Bc5 25. Na5 b5 26. Nc6 f6 27.
Be3 a6 28. Kg2 Bxe3 29. fxe3 e4 30. h3 Nb6 31. d6 Ke8 32. b3 Kd7 33. Nb8+ Kxd6
34. Nxa6 Nd5 35. Kf2 b4 36. g4 Kc6 37. Kg3 g5 38. Kf2 Kb6 1/2-1/2

[Event "Liga Madrileña - DH 2014-2015"]
[Site "Madrid ESP"]
[Date "2015.01.11"]
[Round "5.15"]
[White "Barez Menendez, Hector"]
[Black "Cobo Diego, Fidel"]
[Result "1/2-1/2"]
[WhiteElo "2144"]
[BlackElo "2035"]
[PlyCount "72"]
[EventDate "2014.11.23"]
[EventType "team-tourn"]
[EventRounds "14"]
[EventCountry "ESP"]
[Source "lmi"]
[SourceDate "2014.11.23"]
[WhiteTeam "Pueblo Nuevo"]
[BlackTeam "Moratalaz"]
[WhiteTeamCountry "ESP"]
[BlackTeamCountry "ESP"]

1. Nf3 d5 2. d4 Nf6 3. c4 c6 4. cxd5 cxd5 5. Nc3 Nc6 6. Bf4 a6 7. Rc1 e6 8. e3
Be7 9. h3 O-O 10. Bd3 Bd7 11. O-O Qa5 12. Ne5 Rfc8 13. Nxd7 Nxd7 14. Bb1 b5 15.
e4 b4 16. Ne2 Na7 17. Qd3 g6 18. exd5 exd5 19. Ng3 Qb5 20. Qf3 Nc6 21. Rcd1 Bf6
22. Be3 Bg7 23. h4 Nf8 24. h5 Ne6 25. hxg6 hxg6 26. Qg4 Ne7 27. Rfe1 Qd7 28.
Bg5 Rc6 29. Re2 f5 30. Qh4 Kf7 31. Nf1 Rh8 32. Qg3 Nc8 33. Be3 Qc7 34. Qxc7+
Rxc7 35. f3 Nd6 36. Bf2 Nb5 1/2-1/2

[Event "Liga Madrileña - DH 2014-2015"]
[Site "Madrid ESP"]
[Date "2015.01.11"]
[Round "5.16"]
[White "Barranco Sanz, Luis Miguel"]
[Black "De la Puerta Cresis, Javier"]
[Result "1/2-1/2"]
[WhiteElo "1988"]
[BlackElo "2097"]
[PlyCount "51"]
[EventDate "2014.11.23"]
[EventType "team-tourn"]
[EventRounds "14"]
[EventCountry "ESP"]
[Source "lmi"]
[SourceDate "2014.11.23"]
[WhiteTeam "Moratalaz"]
[BlackTeam "Pueblo Nuevo"]
[WhiteTeamCountry "ESP"]
[BlackTeamCountry "ESP"]

1. d4 Nf6 2. Nf3 g6 3. e3 Bg7 4. b3 d5 5. Bd3 O-O 6. Bb2 c5 7. O-O Nc6 8. c3
Nd7 9. Nbd2 e5 10. dxe5 Ndxe5 11. Nxe5 Nxe5 12. Be2 Qe7 13. Nf3 Rd8 14. Nxe5
Bxe5 15. Bf3 Be6 16. Qe2 Qh4 17. g3 Qf6 18. Rac1 Bf5 19. Rfd1 Be4 20. Bg2 Bxg2
21. Kxg2 Qc6 22. Kg1 Rd7 23. c4 Bxb2 24. Qxb2 dxc4 25. Rxd7 Qxd7 26. Rxc4
1/2-1/2

[Event "Liga Madrileña - DH 2014-2015"]
[Site "Madrid ESP"]
[Date "2015.01.11"]
[Round "5.21"]
[White "Candela Perez, Jose"]
[Black "Valles Moreno, Ivan"]
[Result "0-1"]
[WhiteElo "2430"]
[BlackElo "2391"]
[PlyCount "42"]
[EventDate "2014.11.23"]
[EventType "team-tourn"]
[EventRounds "14"]
[EventCountry "ESP"]
[Source "lmi"]
[SourceDate "2014.11.23"]
[WhiteTeam "La Casa del Ajedrez"]
[BlackTeam "Liberty Chess"]
[WhiteTeamCountry "ESP"]
[BlackTeamCountry "ESP"]

1. d4 Nf6 2. c4 g6 3. Nc3 Bg7 4. e4 d6 5. Nf3 O-O 6. Be2 Nbd7 7. Be3 e5 8. d5
Ng4 9. Bg5 f6 10. Bh4 g5 11. Bg3 Nh6 12. Nd2 f5 13. exf5 Nf6 14. Nde4 Nxe4 15.
Nxe4 Bxf5 16. Bd3 Bg6 17. Qd2 Nf5 18. O-O g4 19. f3 Bh6 20. Qe1 Ne3 21. fxg4
Rxf1+ 0-1

[Event "Liga Madrileña - DH 2014-2015"]
[Site "Madrid ESP"]
[Date "2015.01.11"]
[Round "5.22"]
[White "Martin Rueda, Daniel"]
[Black "Rojo Huerta, Gabriel"]
[Result "0-1"]
[WhiteElo "2341"]
[BlackElo "2357"]
[PlyCount "66"]
[EventDate "2014.11.23"]
[EventType "team-tourn"]
[EventRounds "14"]
[EventCountry "ESP"]
[Source "lmi"]
[SourceDate "2014.11.23"]
[WhiteTeam "Liberty Chess"]
[BlackTeam "La Casa del Ajedrez"]
[WhiteTeamCountry "ESP"]
[BlackTeamCountry "ESP"]

1. e4 e6 2. d3 d5 3. Qe2 Nf6 4. Nf3 Be7 5. g3 c5 6. Bg2 Nc6 7. O-O O-O 8. e5
Nd7 9. c4 dxc4 10. dxc4 Nd4 11. Nxd4 cxd4 12. Nd2 Nc5 13. Rd1 Qb6 14. Nf3 d3
15. Qe1 a5 16. b3 Bd7 17. Be3 Bc6 18. Bd4 Rfd8 19. Qe3 a4 20. bxa4 Qa5 21. Ne1
Bxa4 22. Nxd3 Bxd1 23. Bxc5 Qc3 24. Rxd1 Bxc5 25. Qxc5 Rxd3 26. Rxd3 Qxd3 27.
Qb5 g6 28. Bf1 Qe4 29. a4 Rd8 30. h4 Rd1 31. c5 Kg7 32. Kh2 Rd2 33. Kg1 Qf3 0-1

[Event "Liga Madrileña - DH 2014-2015"]
[Site "Madrid ESP"]
[Date "2015.01.11"]
[Round "5.23"]
[White "Bass, Leonid"]
[Black "Perez Gonzalez, Jose Manuel"]
[Result "0-1"]
[WhiteElo "2391"]
[BlackElo "2349"]
[PlyCount "69"]
[EventDate "2014.11.23"]
[EventType "team-tourn"]
[EventRounds "14"]
[EventCountry "ESP"]
[Source "lmi"]
[SourceDate "2014.11.23"]
[WhiteTeam "La Casa del Ajedrez"]
[BlackTeam "Liberty Chess"]
[WhiteTeamCountry "ESP"]
[BlackTeamCountry "ESP"]

1. d4 d5 2. Nf3 Nf6 3. c4 c6 4. e3 e6 5. Nc3 Nbd7 6. Qc2 Bd6 7. g4 Nxg4 8. Rg1
h5 9. h3 Nh6 10. e4 dxe4 11. Nxe4 Bb4+ 12. Bd2 Bxd2+ 13. Qxd2 Nf5 14. O-O-O Nf6
15. Neg5 Nh7 16. Nxh7 Rxh7 17. Bd3 Qf6 18. Qf4 g6 19. Rg5 Rh8 20. Bxf5 exf5 21.
d5 cxd5 22. Rxd5 Be6 23. Rd6 Rc8 24. Kb1 Ke7 25. Rg1 Rxc4 26. Qd2 Rhc8 27. Re1
Rc2 28. Rdxe6+ fxe6 29. Qb4+ Kf7 30. Qxb7+ R8c7 31. Qb3 R2c6 32. Qe3 Rb6 33.
Ne5+ Kg8 34. Rg1 f4 35. Qd3 0-1

[Event "Liga Madrileña - DH 2014-2015"]
[Site "Madrid ESP"]
[Date "2015.01.11"]
[Round "5.24"]
[White "Sanchez Gonzalez, Sergio"]
[Black "Gallego Jimenez, Victoriano"]
[Result "1/2-1/2"]
[WhiteElo "2298"]
[BlackElo "2340"]
[PlyCount "44"]
[EventDate "2014.11.23"]
[EventType "team-tourn"]
[EventRounds "14"]
[EventCountry "ESP"]
[Source "lmi"]
[SourceDate "2014.11.23"]
[WhiteTeam "Liberty Chess"]
[BlackTeam "La Casa del Ajedrez"]
[WhiteTeamCountry "ESP"]
[BlackTeamCountry "ESP"]

1. c4 e5 2. Nc3 Bb4 3. e3 Bxc3 4. bxc3 d6 5. d4 c5 6. Nf3 Nc6 7. Be2 Nf6 8.
dxc5 dxc5 9. Qxd8+ Kxd8 10. Ng5 Ke7 11. Bf3 Bd7 12. Bd5 Raf8 13. Nf3 e4 14. Nd2
Na5 15. Nb3 Nxb3 16. axb3 Nxd5 17. cxd5 Kd6 18. c4 a5 19. Bb2 Ra8 20. f3 Rhe8
21. Kd2 f6 22. Bc3 b6 1/2-1/2

[Event "Liga Madrileña - DH 2014-2015"]
[Site "Madrid ESP"]
[Date "2015.01.11"]
[Round "5.25"]
[White "Suarez Uriel, Adrian"]
[Black "Fernandez Garcia, Miguel Angel"]
[Result "0-1"]
[WhiteElo "2283"]
[BlackElo "2341"]
[PlyCount "74"]
[EventDate "2014.11.23"]
[EventType "team-tourn"]
[EventRounds "14"]
[EventCountry "ESP"]
[Source "lmi"]
[SourceDate "2014.11.23"]
[WhiteTeam "La Casa del Ajedrez"]
[BlackTeam "Liberty Chess"]
[WhiteTeamCountry "ESP"]
[BlackTeamCountry "ESP"]

1. e4 Nf6 2. e5 Nd5 3. d4 d6 4. c4 Nb6 5. exd6 cxd6 6. Nc3 g6 7. Be3 Bg7 8. Rc1
O-O 9. b3 Bf5 10. Be2 e5 11. Bf3 Nc6 12. Nge2 Re8 13. d5 Nb4 14. Be4 Nxa2 15.
Ra1 Nxc3 16. Nxc3 Bd7 17. g4 a5 18. Qe2 Rc8 19. f3 Na8 20. Qd2 b6 21. Rg1 Rb8
22. Qe2 Nc7 23. Nb5 Bxb5 24. cxb5 Qd7 25. Kf2 Nxb5 26. Rgc1 Nd4 27. Bxd4 exd4
28. Qd3 Qe7 29. Ra2 Qh4+ 30. Kg1 Be5 31. Rf2 Bf4 32. Re1 f5 33. gxf5 gxf5 34.
Rg2+ Kh8 35. Qxd4+ Be5 36. Qd2 Rg8 37. Ree2 Qxh2+ 0-1

[Event "Liga Madrileña - DH 2014-2015"]
[Site "Madrid ESP"]
[Date "2015.01.11"]
[Round "5.26"]
[White "Hinojar Diez, David"]
[Black "Unciti Juan, Javier"]
[Result "0-1"]
[WhiteElo "2164"]
[BlackElo "2110"]
[PlyCount "58"]
[EventDate "2014.11.23"]
[EventType "team-tourn"]
[EventRounds "14"]
[EventCountry "ESP"]
[Source "lmi"]
[SourceDate "2014.11.23"]
[WhiteTeam "Liberty Chess"]
[BlackTeam "La Casa del Ajedrez"]
[WhiteTeamCountry "ESP"]
[BlackTeamCountry "ESP"]

1. e4 e6 2. d4 d5 3. Nd2 c5 4. Ngf3 Nc6 5. Bb5 a6 6. Bxc6+ bxc6 7. O-O cxd4 8.
Nxd4 c5 9. Nc6 Qc7 10. exd5 exd5 11. Re1+ Be6 12. Ne5 Bd6 13. Ndf3 Nf6 14. Nxf7
O-O 15. Nxd6 Qxd6 16. Bf4 Qxf4 17. Rxe6 Rad8 18. Qd2 Qg4 19. Rxa6 Ne4 20. Qe3
Rde8 21. h3 Qh5 22. Ra7 h6 23. Qa3 Kh7 24. Rd7 Re6 25. Qd3 Rg6 26. Kh2 Nxf2 27.
Qxd5 Rf5 28. Qa8 Nxh3 29. Rd8 Nf4+ 0-1

[Event "Liga Madrileña - DH 2014-2015"]
[Site "Madrid ESP"]
[Date "2015.01.10"]
[Round "5.31"]
[White "Moreno Trujillo, Alejandro"]
[Black "Anton Guijarro, David"]
[Result "0-1"]
[WhiteElo "2522"]
[BlackElo "2607"]
[PlyCount "74"]
[EventDate "2014.11.23"]
[EventType "team-tourn"]
[EventRounds "14"]
[EventCountry "ESP"]
[Source "lmi"]
[SourceDate "2014.11.23"]
[WhiteTeam "64 Villalba"]
[BlackTeam "Virgen de Atocha"]
[WhiteTeamCountry "ESP"]
[BlackTeamCountry "ESP"]

1. d4 f5 2. Nf3 Nf6 3. Bf4 g6 4. e3 Bg7 5. Bc4 e6 6. h3 O-O 7. Nc3 Kh8 8. g4 a6
9. a4 Nc6 10. Qe2 Nb4 11. Bb3 b5 12. g5 Nh5 13. Bh2 Bb7 14. Rg1 f4 15. e4 Nc6
16. e5 Na5 17. Ba2 b4 18. Ne4 b3 19. cxb3 d6 20. Nf6 Rb8 21. b4 Nc6 22. Nxh5
gxh5 23. Rd1 dxe5 24. b5 Nxd4 25. Nxd4 exd4 26. Qxh5 Be4 27. g6 Bxg6 28. Rxg6
Rf5 29. Qxf5 exf5 30. Rxa6 Qh4 31. Rd3 f3 32. Re6 Qxh3 33. Be5 Bxe5 34. Rxe5
Qh1+ 35. Kd2 Qh2 36. Re7 Qxf2+ 37. Kc1 Qh4 0-1

[Event "Liga Madrileña - DH 2014-2015"]
[Site "Madrid ESP"]
[Date "2015.01.10"]
[Round "5.32"]
[White "Almagro Llamas, Pablo"]
[Black "Espinosa Aranda, Angel"]
[Result "1/2-1/2"]
[WhiteElo "2487"]
[BlackElo "2399"]
[PlyCount "58"]
[EventDate "2014.11.23"]
[EventType "team-tourn"]
[EventRounds "14"]
[EventCountry "ESP"]
[Source "lmi"]
[SourceDate "2014.11.23"]
[WhiteTeam "Virgen de Atocha"]
[BlackTeam "64 Villalba"]
[WhiteTeamCountry "ESP"]
[BlackTeamCountry "ESP"]

1. d4 d5 2. c4 dxc4 3. Nf3 Nf6 4. e3 e6 5. Bxc4 a6 6. O-O c5 7. a4 Nc6 8. Nc3
Be7 9. Qe2 O-O 10. Rd1 Qc7 11. d5 exd5 12. Nxd5 Nxd5 13. Bxd5 Rd8 14. e4 Nb4
15. Bc4 Be6 16. Bd2 Nc2 17. Rac1 Nd4 18. Nxd4 Rxd4 19. Bxe6 fxe6 20. Bc3 Rxd1+
21. Rxd1 Rd8 22. Re1 Qc6 23. Qg4 Bf8 24. h4 b5 25. axb5 axb5 26. h5 h6 27. Be5
c4 28. Kh2 Qd7 29. Rd1 Qxd1 1/2-1/2

[Event "Liga Madrileña - DH 2014-2015"]
[Site "Madrid ESP"]
[Date "2015.01.10"]
[Round "5.33"]
[White "Lopez del Alamo, Antonio"]
[Black "Martinez Martin, David"]
[Result "0-1"]
[WhiteElo "2260"]
[BlackElo "2407"]
[PlyCount "76"]
[EventDate "2014.11.23"]
[EventType "team-tourn"]
[EventRounds "14"]
[EventCountry "ESP"]
[Source "lmi"]
[SourceDate "2014.11.23"]
[WhiteTeam "64 Villalba"]
[BlackTeam "Virgen de Atocha"]
[WhiteTeamCountry "ESP"]
[BlackTeamCountry "ESP"]

1. e4 e6 2. d3 d5 3. Qe2 Nc6 4. Nf3 d4 5. g3 e5 6. Bg2 Be7 7. O-O h5 8. c3 h4
9. cxd4 exd4 10. Na3 hxg3 11. fxg3 Be6 12. Nc2 Nh6 13. h3 Qd7 14. g4 O-O-O 15.
b4 Nxb4 16. Ne5 Qb5 17. Nxb4 Bxb4 18. Rb1 Qxe5 19. Rxb4 g5 20. a4 Nxg4 21. hxg4
Qh2+ 22. Kf2 Qh4+ 23. Kg1 Bxg4 24. Qb2 Rd6 25. Rxf7 Qh2+ 26. Kf1 Bh3 27. Rxc7+
Kxc7 28. Rxb7+ Kc8 29. Rb8+ Kd7 30. Rb7+ Ke8 31. Qb5+ Bd7 32. Qxg5 Rf8+ 33. Ke2
Rdf6 34. Bd2 Rf2+ 35. Kd1 Qg1+ 36. Kc2 Rxd2+ 37. Qxd2 Rf2 38. Rb8+ Kf7 0-1